| 000 | 00369 a2200145 4500 | ||
|---|---|---|---|
| 999 |
_c3847 _d3847 |
||
| 020 | _a0869226142 | ||
| 050 | _aML 544 HUW 1995 | ||
| 100 | _aHuwiler, Kurt | ||
| 245 |
_aMusical instruments of Africa _cby Kurt Huwiler |
||
| 264 |
_aGweru _bMambo Press _c1995 |
||
| 300 |
_a154p. _bill.col. |
||
| 500 | _aincludes index | ||
| 650 | _aMusic | ||
| 942 |
_2lcc _cBK _h544 _iHUW _kML |
||